000 00287nam a22001337a 4500
008 230419b ||||| |||| 00| 0 eng d
041 _aeng
080 _a030
082 _a030TRE
100 _a44
101 _aENCI
245 _aSHADES OG THE ALHAMBRA
_cTREVELYAN.R
942 _2udc
_cBK
999 _c59607
_d59607